Beyond angels and demons: (Record no. 173355)

000 -LEADER
fixed length control field 00616nam a22002177a 4500
003 - CONTROL NUMBER IDENTIFIER
control field Nust
005 - DATE AND TIME OF LATEST TRANSACTION
control field 20180719091153.0
008 - FIXED-LENGTH DATA ELEMENTS--GENERAL INFORMATION
fixed length control field 170122b xxu||||| |||| 00| 0 eng d
020 ## - INTERNATIONAL STANDARD BOOK NUMBER
International Standard Book Number 978-0785821854
Terms of availability Rs. 540
020 ## - INTERNATIONAL STANDARD BOOK NUMBER
International Standard Book Number 0785821856
038 ## - RECORD CONTENT LICENSOR
Staff Name Arshad
040 ## - CATALOGING SOURCE
Original cataloging agency NUST- Fiction
082 ## - DEWEY DECIMAL CLASSIFICATION NUMBER
Classification number 366
Author Mark CHA
100 ## - MAIN ENTRY--PERSONAL NAME
Personal name Chandelle, René
9 (RLIN) 11851
245 ## - TITLE STATEMENT
Title Beyond angels and demons:
Remainder of title the truth behind the fiction /
Statement of responsibility, etc. Rene Chandelle
260 ## - PUBLICATION, DISTRIBUTION, ETC.
Place of publication, distribution, etc. London:
Name of publisher, distributor, etc. Bounty books,
Date of publication, distribution, etc. 2005
300 ## - PHYSICAL DESCRIPTION
Extent 175 p.
650 ## - SUBJECT ADDED ENTRY--TOPICAL TERM
Topical term or geographic name entry element Secret societies
9 (RLIN) 11852
650 ## - SUBJECT ADDED ENTRY--TOPICAL TERM
Topical term or geographic name entry element Angels & demons (Brown, Dan)
9 (RLIN) 11853
942 ## - ADDED ENTRY ELEMENTS (KOHA)
Source of classification or shelving scheme
Koha item type Book
Holdings
Withdrawn status Lost status Source of classification or shelving scheme Damaged status Not for loan Collection code Permanent Location Current Location Shelving location Date acquired Total Checkouts Full call number Barcode Date last seen Date last checked out Copy number Price effective from Koha item type
            Central Library (CL) Central Library (CL) Book Cart 01/22/2017 1 366 CHA CL108 10/26/2017 10/20/2017 1 01/22/2017 Book
© 2023 Central Library, National University of Sciences and Technology. All Rights Reserved.